Psicología Evolutiva y Educación Infantil /

Сохранить в:
Библиографические подробности
Главный автор: García Sicilia, J. (autor)
Другие авторы: Juárez, Adoración (autor) (autor), Ibáñez, Elena (autor) (autor)
Формат:
Язык:испанский
Предметы:
Метки: Добавить метку
Нет меток, Требуется 1-ая метка записи!

MARC

LEADER 00000nam^a2200000^a^4500
001 000030058
005 20250521000000.0
009 20260310084947.541
020 |a 84-294-3027-X 
037 |a Acervo ITESO - Biblioteca 
041 |a ESP 
082 |a 155. 423  |b GAR 
100 |a García Sicilia, J.  |e (autor) 
245 1 0 |a Psicología Evolutiva y Educación Infantil /  |c J. García Sicilia; et.al. 
264 |a Madrid, España :  |b Aula XXI :  |b Santillana,  |c 1989 
300 |a 340 p. 
336 |a texto  |b txt  |2 rdacontenido 
337 |a sin mediación  |b n  |2 rdamedio 
338 |a volumen  |b nc  |2 rdasoporte 
649 |a XX 
650 |a Desarrollo Cognoscitivo 
700 |a Juárez, Adoración  |e (autor) 
700 |a Ibáñez, Elena  |e (autor) 
910 |a Fondo General 
920 |a Impresos - Libros 
930 |a Colección General 
905 |a 101 
901 |a 0300580200  |b IT1  |c ACC  |i 907544  |u 20250521 
902 |a https://opac.biblio.iteso.mx/vufind/Record/000030058